<?xml version="1.0" encoding="UTF-8"?>
<record
    xmlns:xsi="http://www.w3.org/2001/XMLSchema-instance"
    xsi:schemaLocation="http://www.loc.gov/MARC21/slim http://www.loc.gov/standards/marcxml/schema/MARC21slim.xsd"
    xmlns="http://www.loc.gov/MARC21/slim">

  <leader>00402    a2200145   4500</leader>
  <controlfield tag="005">20250319131526.0</controlfield>
  <datafield tag="020" ind1=" " ind2=" ">
    <subfield code="a">0-02-800852</subfield>
  </datafield>
  <datafield tag="082" ind1=" " ind2=" ">
    <subfield code="a">513.93 BAL</subfield>
  </datafield>
  <datafield tag="100" ind1=" " ind2=" ">
    <subfield code="a">BALCH,KAY.</subfield>
  </datafield>
  <datafield tag="245" ind1=" " ind2=" ">
    <subfield code="a">Mathematics: Applications and Connections  Course 1.</subfield>
  </datafield>
  <datafield tag="260" ind1=" " ind2=" ">
    <subfield code="a">California,</subfield>
    <subfield code="b">Macmillan,</subfield>
    <subfield code="c">1993.</subfield>
  </datafield>
  <datafield tag="300" ind1=" " ind2=" ">
    <subfield code="a">xx,607p.: Ill.;figures.</subfield>
    <subfield code="b">Index.</subfield>
    <subfield code="c">25cm.</subfield>
  </datafield>
  <datafield tag="700" ind1=" " ind2=" ">
    <subfield code="a">COLLINS,DRITSAS,FREY-MASON.</subfield>
  </datafield>
  <datafield tag="942" ind1=" " ind2=" ">
    <subfield code="2">ddc</subfield>
    <subfield code="c">BKS</subfield>
  </datafield>
  <datafield tag="999" ind1=" " ind2=" ">
    <subfield code="c">980</subfield>
    <subfield code="d">980</subfield>
  </datafield>
  <datafield tag="952" ind1=" " ind2=" ">
    <subfield code="r">2025-03-19 13:19:12</subfield>
    <subfield code="l">0</subfield>
    <subfield code="o">513.93 BAL</subfield>
    <subfield code="p">0000003868</subfield>
    <subfield code="v">240000.00</subfield>
    <subfield code="w">2025-03-19</subfield>
    <subfield code="y">BKS</subfield>
    <subfield code="1">0</subfield>
    <subfield code="2">ddc</subfield>
    <subfield code="4">0</subfield>
    <subfield code="7">0</subfield>
    <subfield code="0">0</subfield>
    <subfield code="a">CBEML</subfield>
    <subfield code="b">CBEML</subfield>
    <subfield code="c">GEN</subfield>
    <subfield code="d">2025-03-19</subfield>
    <subfield code="g">80000.00</subfield>
  </datafield>
  <datafield tag="952" ind1=" " ind2=" ">
    <subfield code="r">2025-03-19 13:19:12</subfield>
    <subfield code="l">0</subfield>
    <subfield code="o">513.93 BAL</subfield>
    <subfield code="p">0000003869</subfield>
    <subfield code="v">240000.00</subfield>
    <subfield code="w">2025-03-19</subfield>
    <subfield code="y">BKS</subfield>
    <subfield code="1">0</subfield>
    <subfield code="2">ddc</subfield>
    <subfield code="4">0</subfield>
    <subfield code="7">0</subfield>
    <subfield code="0">0</subfield>
    <subfield code="a">CBEML</subfield>
    <subfield code="b">CBEML</subfield>
    <subfield code="c">GEN</subfield>
    <subfield code="d">2025-03-19</subfield>
    <subfield code="g">80000.00</subfield>
  </datafield>
  <datafield tag="952" ind1=" " ind2=" ">
    <subfield code="r">2025-03-19 13:19:12</subfield>
    <subfield code="l">0</subfield>
    <subfield code="o">513.93 BAL</subfield>
    <subfield code="p">0000003870</subfield>
    <subfield code="v">240000.00</subfield>
    <subfield code="w">2025-03-19</subfield>
    <subfield code="y">BKS</subfield>
    <subfield code="1">0</subfield>
    <subfield code="2">ddc</subfield>
    <subfield code="4">0</subfield>
    <subfield code="7">0</subfield>
    <subfield code="0">0</subfield>
    <subfield code="a">CBEML</subfield>
    <subfield code="b">CBEML</subfield>
    <subfield code="c">GEN</subfield>
    <subfield code="d">2025-03-19</subfield>
    <subfield code="g">80000.00</subfield>
  </datafield>
  <datafield tag="952" ind1=" " ind2=" ">
    <subfield code="r">2025-03-19 13:19:12</subfield>
    <subfield code="l">0</subfield>
    <subfield code="o">513.93 BAL</subfield>
    <subfield code="p">0000003871</subfield>
    <subfield code="v">240000.00</subfield>
    <subfield code="w">2025-03-19</subfield>
    <subfield code="y">BKS</subfield>
    <subfield code="1">0</subfield>
    <subfield code="2">ddc</subfield>
    <subfield code="4">0</subfield>
    <subfield code="7">0</subfield>
    <subfield code="0">0</subfield>
    <subfield code="a">CBEML</subfield>
    <subfield code="b">CBEML</subfield>
    <subfield code="c">GEN</subfield>
    <subfield code="d">2025-03-19</subfield>
    <subfield code="g">80000.00</subfield>
  </datafield>
  <datafield tag="952" ind1=" " ind2=" ">
    <subfield code="r">2025-03-19 13:19:12</subfield>
    <subfield code="l">0</subfield>
    <subfield code="o">513.93 BAL</subfield>
    <subfield code="p">0000003872</subfield>
    <subfield code="v">240000.00</subfield>
    <subfield code="w">2025-03-19</subfield>
    <subfield code="y">BKS</subfield>
    <subfield code="1">0</subfield>
    <subfield code="2">ddc</subfield>
    <subfield code="4">0</subfield>
    <subfield code="7">0</subfield>
    <subfield code="0">0</subfield>
    <subfield code="a">CBEML</subfield>
    <subfield code="b">CBEML</subfield>
    <subfield code="c">GEN</subfield>
    <subfield code="d">2025-03-19</subfield>
    <subfield code="g">80000.00</subfield>
  </datafield>
</record>
